000 00524nam a2200193 i 4500
001 39793
003 ES-MaACL
005 20230906160101.0
007 t|
008 030304s1963 sp ||||1| spa d
100 1 _aCampo Villegas, Gabriel.
_934223
245 1 4 _aLos hombres nacen dos veces /
_cGabriel Campo Villegas.
260 _aBarcelona :
_bJuan Flors,
_c1963.
300 _a227 p. ;
_c19 cm.
490 1 _aRemanso
830 0 _aRemanso
_9181827
852 _aES-MaACL
_jC-24675
_bR.53353
999 _c39793
_d39793